Standard handbook of hazardous waste treatment and disposal

Zapisane w:
Opis bibliograficzny
Format: Sách giấy
Język:English
Wydane: New York : McGraw-Hill , 1998
Etykiety: Dodaj etykietę
Nie ma etykietki, Dołącz pierwszą etykiete!
Thư viện lưu trữ: Thư viện Trường Đại học Đà Lạt
LEADER 00531nam a2200229 4500
001 DLU020018519
005 ##9/25/2001
020 # # |a 978- 
041 # # |a eng 
082 # # |a 628.42  |b Sta 
245 # # |a Standard handbook of hazardous waste treatment and disposal 
260 # # |a New York :  |b McGraw-Hill ,  |c 1998 
300 # # |a 1225 tr.;   |c 24 cm. 
992 # # |a 1880500 
994 # # |a DLU 
900 # # |a False 
911 # # |a Administrator 
925 # # |a G 
926 # # |a A 
927 # # |a SH 
980 # # |a Thư viện Trường Đại học Đà Lạt